Year 2000 computing crisis : strong leadership and effective public/private cooperation needed to avoid major disruptions : statement of Gene L. Dodaro, Assistant Comptroller General, Accounting and Information Management Division, before the Subcommittee on Government Management, Information and Technology, Committee on Government Reform and Oversight, and the Subcommittee on Technology, Committee on Science, House of Representatives /

Bibliographic Details
Main Author: Dodaro, Gene L.
Corporate Author: United States. General Accounting Office
Format: Government Document Microform Book
Language:English
Published: Washington, D.C. (P.O. Box 37050, Washington 20013) : The Office, [1998]
Series:Testimony ; GAO/T-AIMD-98-101.
Subjects:
Online Access:Adobe Acrobat Reader required

MARC

Tag First Indicator Second Indicator Subfields
LEADER 00000cam a2200000 a 4500
001 in00000001585
007 he bmb024bbca
008 981116s1998 dcu bb f000 0 eng c
005 20230309222503.9
035 |a (OCoLC)ocm40327951 
035 |9 AJC2818AM 
035 |a in00000001585 
037 |a 160076  |b GAO (202) 512-6000 (Voice); (202) 512-6061 (Fax); (202) 512-2537 (TDD)  |f paper copy 
040 |a GPO  |c GPO  |d DLC  |d MvI  |d UtOrBLW 
042 |a pcc 
043 |a n-us--- 
049 |a UMIC 
049 |a WWW 
074 |a 0546-D-01 (MF) 
074 |a 0546-D-01 (online) 
086 0 |a GA 1.5/2:T-AIMD-98-101 
100 1 |a Dodaro, Gene L. 
245 1 0 |a Year 2000 computing crisis :  |b strong leadership and effective public/private cooperation needed to avoid major disruptions : statement of Gene L. Dodaro, Assistant Comptroller General, Accounting and Information Management Division, before the Subcommittee on Government Management, Information and Technology, Committee on Government Reform and Oversight, and the Subcommittee on Technology, Committee on Science, House of Representatives /  |c United States General Accounting Office. 
246 3 0 |a Strong leadership and effective public/private cooperation needed to avoid major disruptions 
264 1 |a Washington, D.C. (P.O. Box 37050, Washington 20013) :  |b The Office,  |c [1998] 
300 |a 16 pages ;  |c 28 cm. 
336 |a text  |b txt  |2 rdacontent 
337 |a microform  |b h  |2 rdamedia 
338 |a microfiche  |b he  |2 rdacarrier 
490 1 |a Testimony ;  |v GAO/T-AIMD-98-101 
500 |a Cover title. 
500 |a Shipping list number: 98-1130-M. 
500 |a "March 18, 1998." 
504 |a Includes bibliographical references (pages 14-16). 
533 |a Microfiche.  |b [Washington, D.C.] :  |c U.S. General Accounting Office,  |d [1998]  |e 1 microfiche : negative. 
530 |a Also available via Internet from the GPO Access web site. Address as of 2/12/02: http://frwebgate.access.gpo.gov/cgi-bin/getdoc.cgi?dbname=gao&docid=f:ai98101t.pdf; current access is available via PURL. 
500 |a Microform. 
650 0 |a Year 2000 date conversion (Computer systems)  |z United States. 
650 0 |a Administrative agencies  |z United States  |x Data processing. 
650 0 |a Software maintenance  |z United States. 
710 1 |a United States.  |b General Accounting Office. 
830 0 |a Testimony ;  |v GAO/T-AIMD-98-101. 
856 4 1 |u https://purl.fdlp.gov/GPO/LPS17492  |z Adobe Acrobat Reader required  |t 0 
999 |a MARS 
999 f f |i 32f1f7df-afeb-3eff-a000-d51b72f65175  |s 688d6462-2eeb-320c-9841-38165acd4291  |t 0 
952 f f |p normal  |a Texas A&M University  |b College Station  |c Sterling C. Evans Library  |d Evans: US Documents Microfiche (3rd floor)  |t 0  |e GA 1.5/2:T-AIMD-98-101  |h Superintendent of Documents classification  |i microform -- microfiche  |m A14824380990 
952 f f |a Texas A&M University  |b College Station  |c Electronic Resources  |d Available Online  |t 0  |e GA 1.5/2:T-AIMD-98-101  |h Superintendent of Documents classification 
998 f f |a GA 1.5/2:T-AIMD-98-101  |t 0  |l Available Online 
998 f f |a GA 1.5/2:T-AIMD-98-101  |t 0  |l Evans: US Documents Microfiche (3rd floor)